00414nam a2200133Ia 450000500170000000800410001702000180005808200200007610000260009624500640012226000310018630000140021765000490023120250401144740.0231217s9999 xx 000 0 und d a9789380156521 a658.3 NAI;1 R aNaik, Chitra Atmaram. 0aGlobal human resource management : managing people at work c2010bAne booksaNew Delhi axvii, 252 aGlobal,management, , managin, peopl, a, work